00396nam a2200109Ia 4500008004100000020001800041100003200059245009300091260003900184650001300223856005000236171212s9999 xx 000 0 und d a9780987073020 aAnderson, Kym;Nelgen, Signe cAnderson, Kym;Nelgen, SigneaGlobal Wine Marketsb1961 to 2009: a statistical compendium bUniversity of Adelaide Pressc2011 aBusiness uhttp://jstor.org/stable/10.20851/j.ctt1sq5x3h